000 00359nam a2200133 a 4500
005 20140414093845.0
008 091105s19uu xx 00 eng d
050 _aCD 780
_bMUS 2004
245 _aMusic Higher Level and Standard Level :
_bListening paper, May 2004.
440 _aIB Diploma Programme
650 _aMusic.
942 _cAVM
999 _c109542
_d109542